Online Catalogue and eLibrary

Devolution of power & The provincial council system : (Record no. 415)

MARC details
000 -LEADER
fixed length control field 00525nam a22001697a 4500
005 - DATE AND TIME OF LATEST TRANSACTION
control field 20240216052227.0
008 - FIXED-LENGTH DATA ELEMENTS--GENERAL INFORMATION
fixed length control field 240216b |||||||| |||| 00| 0 eng d
082 ## - DDC Classification
DDC Edition Number 22
Class No. 320.4.
Item Number - Author Mark ARI.
100 ## - MAIN ENTRY--PERSONAL NAME
Personal name Abeysinghe, Ariya.
245 ## - TITLE STATEMENT
Title Devolution of power & The provincial council system :
Remainder of title A historical cum politico - Administrative perspective /
260 ## - PUBLICATION, DISTRIBUTION, ETC.
Place of publication, distribution, etc. Sri Lanka :
Name of publisher, distributor, etc. Centre for Society & religion /
Date of publication, distribution, etc. 1992.
300 ## - PHYSICAL DESCRIPTION
Extent (e.g. Volumes, Pages etc.) 131, p.,
650 ## - SUBJECT ADDED ENTRY--TOPICAL TERM
Topical term or geographic name entry element political.
650 ## - SUBJECT ADDED ENTRY--TOPICAL TERM
Topical term or geographic name entry element Administrative.
650 ## - SUBJECT ADDED ENTRY--TOPICAL TERM
Topical term or geographic name entry element Economic
942 ## - Koha item type (Biblio)
Koha item type Books in Stacks (Lending)
Holdings
Lost status Damaged status Collection code Home library Current library Date acquired Full call number Accession Number Item type
    Lending WERC Library WERC Library 02/16/2024 320.4. ARI. 1747 Books in Stacks (Lending)

© WERC Library